| 000 | 02505nam0a2200385 4500 | ||
|---|---|---|---|
| 001 | RU\NLR\bibl\113682 | ||
| 005 | 20260408190810.0 | ||
| 010 | _a5-89630-014-Х | ||
| 021 |
_aRU _b2000-23041 _91091 |
||
| 035 | _a(NLR Aleph) 000111292 | ||
| 090 |
_a631382 _c631382 |
||
| 100 | _a20001019d2000 u y0rusy50 ca | ||
| 101 | 0 | _arus | |
| 102 | _aRU | ||
| 105 | _aa ||||||||| | ||
| 200 | 1 |
_aНовейшие средства защиты органов дыхания и кожи _e(Все о противогазах, респираторах и защит. одежде) _eУчеб. пособие для подгот. руководящего и команд. состава объектов пром-сти, сел. хоз-ва, орг., учреждений, учеб. заведений, бойцов формирований всех спец., преподавателей ОБЖ, учеб.-метод. центров и курсов ГО, рабочих, служащих и всего остал. населения по тематике ГО и ЧС _f[Вознесенский Валерий Викторович, Зайцев Алексей Петрович] |
|
| 210 |
_aМ. _cРед. журн."Воен. знания" _d2000 |
||
| 215 |
_a77 с. _cил. _d20 |
||
| 225 | 1 | _aБиблиотечка журнала "Военные знания" | |
| 606 | 0 |
_aПротивогазы _jРуководства, пособия и т.п. _9957754 _3RU\NLR\auth\66357183 |
|
| 606 | 0 |
_aПротивогазы _jУчебные издания _9957754 _3RU\NLR\auth\66357183 |
|
| 606 | 0 |
_aЗащитная одежда _jРуководства, пособия и т.п. _92079613 _3RU\NLR\auth\661255503 |
|
| 606 | 0 |
_aЗащитная одежда _jУчебные издания _92079613 _3RU\NLR\auth\661255503 |
|
| 606 |
_aРеспираторы (техн.) _jРуководства, пособия и т.п. _3RU\NLR\auth\661256088 _92080173 |
||
| 606 |
_aРеспираторы (техн.) _jУчебные издания _3RU\NLR\auth\661256088 _92080173 |
||
| 686 | _aЦ581.621я7-1 | ||
| 686 | _aЖ.н605.3я7-1 | ||
| 700 | 1 |
_aВознесенский _bВ. В. _gВалерий Викторович _4070 |
|
| 701 | 1 |
_4070 _8rus _7ca _aЗайцев _bА. П. _gАлексей Петрович _cспециалист по ГО _3RU\NLR\auth\777061 _9117001 |
|
| 801 | 0 |
_aRU _bNLR _c20001019 _gPSBO |
|
| 801 | 1 |
_aRU _bNLR _c20001019 |
|
| 852 |
_aNLR _j2000-4/6142 |
||
| 942 | _cBOOK | ||
| 980 | _aNB | ||